[Event "?"]
[Site "?"]
[Date "????.??.??"]
[Round "?"]
[White "Kangas, M."]
[Black "Neubert, G."]
[Result "1-0"]
[WhiteElo "1935"]
[BlackElo "1997"]
[PlyCount "109"]
[EventDate "2010.??.??"]
[WhiteTeam "Helsinki"]
[BlackTeam "Stiftg BSW/DBAG 2"]

1. e4 e6 2. d4 c5 3. c3 b6 4. Be3 Bb7 5. Nd2 Nf6 6. Bd3 Be7 7. Nh3 O-O 8. O-O
Nc6 9. Nf4 cxd4 10. cxd4 Nb4 11. Bb1 Rc8 12. a3 Nc6 13. e5 Ne8 14. Qh5 g6 15.
Qe2 Ng7 16. Nf3 d5 17. Bd3 g5 18. Nh5 Nf5 19. Bxf5 exf5 20. Qd3 f4 21. Bd2 Rc7
22. Qf5 Bc8 23. Nf6+ Bxf6 24. Qxf6 Qxf6 25. exf6 h6 26. Rac1 Ba6 27. Rfe1 Rfc8
28. h4 g4 29. Bxf4 gxf3 30. Bxc7 Rxc7 31. g4 Kf8 32. Kh2 Rc8 33. Red1 Ke8 34.
Kg3 Kd7 35. Rc3 Na5 36. Rdc1 Rxc3 37. Rxc3 Be2 38. Re3 Nc6 39. g5 hxg5 40. hxg5
Nxd4 41. Re7+ Kd8 42. Rxf7 Bd3 43. Rxa7 Ne6 44. Kxf3 Nxg5+ 45. Kf4 Nh7 46. Ke5
Ke8 47. Ke6 Nf8+ 48. Kxd5 Bg6 49. Kd6 Nh7 50. f7+ Kf8 51. f4 Nf6 52. Ke6 Nh7
53. f5 Bh5 54. Ra8+ Kg7 55. Rg8+ 1-0

[Event "?"]
[Site "?"]
[Date "????.??.??"]
[Round "?"]
[White "Perk, Egbert"]
[Black "Schröter, Helmut"]
[Result "1/2-1/2"]
[WhiteElo "2051"]
[BlackElo "2110"]
[PlyCount "44"]
[EventDate "2010.??.??"]
[WhiteTeam "Widukind 2"]
[BlackTeam "SV TuR Dresden"]

1. d4 Nf6 2. c4 e5 3. dxe5 Ng4 4. Nf3 Bc5 5. e3 Nc6 6. Be2 O-O 7. a3 a5 8. Nbd2
Ngxe5 9. Ne4 Be7 10. O-O d6 11. Nxe5 dxe5 12. Qc2 f5 13. Nc3 Bd6 14. Nb5 Bc5
15. b3 Qe7 16. Bb2 Be6 17. Bf3 Rad8 18. Rad1 e4 19. Be2 Rxd1 20. Rxd1 Rd8 21.
Rxd8+ Nxd8 22. Qd2 Nc6 1/2-1/2

[Event "?"]
[Site "?"]
[Date "????.??.??"]
[Round "?"]
[White "Eichner, C."]
[Black "Goerden, H."]
[Result "1/2-1/2"]
[WhiteElo "2145"]
[BlackElo "1835"]
[PlyCount "31"]
[EventDate "2010.??.??"]
[WhiteTeam "SV TuR Dresden"]
[BlackTeam "Widukind 2"]

1. e4 e5 2. Bc4 Nc6 3. Nf3 d6 4. d4 Nxd4 5. Nxd4 exd4 6. Qxd4 Qf6 7. Be3 Qxd4
8. Bxd4 Be6 9. Bb5+ c6 10. Be2 Nf6 11. Bxf6 gxf6 12. c4 f5 13. exf5 Bxf5 14. g4
Bxb1 15. Rxb1 O-O-O 16. Bd3 1/2-1/2

[Event "?"]
[Site "?"]
[Date "????.??.??"]
[Round "?"]
[White "Kluger, H."]
[Black "Winter, K."]
[Result "1-0"]
[WhiteElo "1960"]
[BlackElo "2077"]
[PlyCount "26"]
[EventDate "2010.??.??"]
[WhiteTeam "Widukind 2"]
[BlackTeam "SV TuR Dresden"]

1. d4 Nf6 2. c4 e6 3. Nf3 d5 4. e3 Bb4+ 5. Bd2 Bxd2+ 6. Nbxd2 O-O 7. Bd3 Nbd7
8. Rc1 c6 9. Nf1 Qa5+ 10. Qd2 Qxa2 11. Ng3 Qb3 12. c5 b6 13. Bc2 Qxb2 1-0

[Event "?"]
[Site "?"]
[Date "????.??.??"]
[Round "?"]
[White "Weidlich, G."]
[Black "Ehlert, J."]
[Result "1-0"]
[WhiteElo "2198"]
[BlackElo "2009"]
[PlyCount "69"]
[EventDate "2010.??.??"]
[WhiteTeam "SV Dresden-Leuben"]
[BlackTeam "Stiftg BSW/DBAG 4"]

1. d4 Nf6 2. Nf3 g6 3. c4 Bg7 4. Nc3 O-O 5. Bg5 d6 6. e3 c6 7. Be2 Nbd7 8. O-O
a6 9. a4 Re8 10. Qc2 Nf8 11. h3 Qc7 12. Bf4 Qa5 13. Bh2 e5 14. Rfd1 e4 15. Ne1
Qd8 16. b4 d5 17. cxd5 cxd5 18. a5 Bd7 19. Na4 Bxa4 20. Qxa4 Ne6 21. b5 Bf8 22.
bxa6 bxa6 23. Rdc1 Re7 24. Rab1 Rea7 25. Nc2 Ne8 26. Nb4 Bxb4 27. Qxb4 N8c7 28.
Qb6 Kg7 29. Be5+ f6 30. Bg3 Kf7 31. Rc6 Qd7 32. Ra1 Nb5 33. Bxb5 Rb7 34. Rxe6
axb5 35. Rxf6+ 1-0

[Event "?"]
[Site "?"]
[Date "????.??.??"]
[Round "?"]
[White "Scholze, R."]
[Black "Bodach, H."]
[Result "0-1"]
[WhiteElo "2012"]
[BlackElo "2103"]
[PlyCount "46"]
[EventDate "2010.??.??"]
[WhiteTeam "Stiftg BSW/DBAG 4"]
[BlackTeam "SV Dresden-Leuben"]

1. e4 c5 2. Nf3 d6 3. c3 Nf6 4. h3 g6 5. e5 dxe5 6. Nxe5 Nbd7 7. Bb5 Bg7 8. O-O
a6 9. Ba4 b5 10. Nxd7 Qxd7 11. Bc2 Bb7 12. d3 Qc6 13. f3 O-O 14. Qe2 Rfe8 15.
Nd2 Nh5 16. Qe4 Qc7 17. Qh4 Bf6 18. Qf2 b4 19. Ne4 Bxe4 20. fxe4 bxc3 21. bxc3
Bxc3 22. Qxf7+ Kh8 23. Bh6 Bd4+ 0-1

[Event "?"]
[Site "?"]
[Date "????.??.??"]
[Round "?"]
[White "Böhm, E."]
[Black "Kalmutzki, M."]
[Result "1-0"]
[WhiteElo "2228"]
[BlackElo "1954"]
[PlyCount "45"]
[EventDate "2010.??.??"]
[WhiteTeam "SV Dresden-Leuben"]
[BlackTeam "Stiftg BSW/DBAG 4"]

1. e4 c5 2. Nc3 e6 3. g3 d6 4. Bg2 Nc6 5. d3 Nf6 6. f4 Be7 7. Nf3 O-O 8. O-O a6
9. h3 Qc7 10. Ne2 b5 11. Be3 Bb7 12. g4 d5 13. e5 Nd7 14. c3 c4 15. d4 b4 16.
f5 bxc3 17. bxc3 Kh8 18. Qc2 a5 19. Ng5 Bxg5 20. Bxg5 Rae8 21. f6 h6 22. Qd2
Kh7 23. fxg7 1-0

[Event "?"]
[Site "?"]
[Date "????.??.??"]
[Round "?"]
[White "Flotten, E."]
[Black "Krebs, D."]
[Result "0-1"]
[WhiteElo "1794"]
[BlackElo "2123"]
[PlyCount "62"]
[EventDate "2010.??.??"]
[WhiteTeam "Arctic Team"]
[BlackTeam "Mattadore Rheinld"]

1. e4 c5 2. f4 e6 3. Nf3 Nc6 4. c3 Nf6 5. e5 Nd5 6. d4 cxd4 7. cxd4 Bb4+ 8. Bd2
Nxf4 9. Bxb4 Nxb4 10. Qd2 Nbd5 11. g3 Ng6 12. Bd3 a6 13. O-O O-O 14. Nc3 Nxc3
15. bxc3 d6 16. exd6 Qxd6 17. Rab1 Rb8 18. a4 Bd7 19. a5 Bc6 20. Rb6 Qc7 21.
Ng5 Qd7 22. Qe3 Rbe8 23. Bxg6 hxg6 24. Qf4 f6 25. Nf3 g5 26. Qg4 Qd5 27. h4
Qxa5 28. Rxc6 bxc6 29. hxg5 fxg5 30. Nxg5 Rxf1+ 31. Kxf1 Qf5+ 0-1

[Event "?"]
[Site "?"]
[Date "????.??.??"]
[Round "?"]
[White "Neumann, H."]
[Black "Olsen, B."]
[Result "1-0"]
[WhiteElo "1982"]
[BlackElo "1694"]
[PlyCount "45"]
[EventDate "2010.??.??"]
[WhiteTeam "Mattadore Rheinld"]
[BlackTeam "Arctic Team"]

1. d4 d5 2. Nf3 e6 3. Bf4 Bd6 4. Bxd6 Qxd6 5. Nbd2 Nf6 6. e3 a6 7. Bd3 Nbd7 8.
c4 c6 9. O-O O-O 10. Rc1 Re8 11. Qc2 h6 12. Rfd1 Qc7 13. Qb3 Qd6 14. Bb1 Kh8
15. Qc2 Qf8 16. Ne5 Qg8 17. f4 Re7 18. Rf1 Nxe5 19. fxe5 Ne8 20. Nf3 Nc7 21. b3
Bd7 22. Rf2 Rf8 23. Rcf1 1-0

[Event "?"]
[Site "?"]
[Date "????.??.??"]
[Round "?"]
[White "Esbensen, H."]
[Black "Paulsen, E."]
[Result "1/2-1/2"]
[WhiteElo "1445"]
[BlackElo "1868"]
[PlyCount "131"]
[EventDate "2010.??.??"]
[WhiteTeam "Arctic Team"]
[BlackTeam "Mattadore Rheinld"]

1. Nf3 c5 2. c4 Nf6 3. e3 e6 4. d4 cxd4 5. exd4 d6 6. Be2 Be7 7. Nc3 O-O 8. O-O
Nbd7 9. Qc2 b6 10. h3 Bb7 11. Bf4 a6 12. Rac1 Rc8 13. Qb3 Qc7 14. Rfe1 Qb8 15.
Na4 Bc6 16. Nc3 Rfd8 17. a4 Qa7 18. Ra1 Ba8 19. a5 bxa5 20. Be3 Rb8 21. Qc2 Qb6
22. d5 Qxb2 23. Qxb2 Rxb2 24. dxe6 fxe6 25. Rxa5 Rc2 26. Na2 Bxf3 27. gxf3 Ne5
28. Nb4 Nxc4 29. Rxa6 Nxe3 30. fxe3 Rc3 31. Nc6 Rd7 32. Nxe7+ Rxe7 33. Kf2 Rd7
34. Rd1 Nd5 35. e4 Nf4 36. Bb5 Rd8 37. Raxd6 Rxd6 38. Rxd6 Nxh3+ 39. Kg3 Ng5
40. Kg4 h6 41. f4 Nxe4 42. Rxe6 Nf6+ 43. Kf5 Kf7 44. Rc6 g6+ 45. Ke5 Re3+ 46.
Kd6 Re6+ 47. Kc5 Rxc6+ 48. Bxc6 Nh5 49. f5 gxf5 50. Kd4 Kf6 51. Ke3 Ke5 52. Kf3
Nf6 53. Bb5 h5 54. Kg3 f4+ 55. Kh4 f3 56. Kg5 f2 57. Bd3 Ne4+ 58. Kxh5 Kf4 59.
Ba6 Ke3 60. Kg4 Nc3 61. Kg3 Ne2+ 62. Kg2 Nc3 63. Kg3 Nd1 64. Kg2 Kd2 65. Kf1
Ne3+ 66. Kxf2 1/2-1/2

[Event "?"]
[Site "?"]
[Date "????.??.??"]
[Round "?"]
[White "Lyly, S."]
[Black "Pamperin, G."]
[Result "1-0"]
[WhiteElo "1991"]
[BlackElo "2007"]
[PlyCount "121"]
[EventDate "2010.??.??"]
[WhiteTeam "Stadi"]
[BlackTeam "Mecklenburg-Vorp 2"]

1. e4 e6 2. d3 d5 3. Nd2 c5 4. Ngf3 Nc6 5. g3 d4 6. Bg2 Qc7 7. O-O g6 8. Re1 e5
9. c3 Bg7 10. a4 Nge7 11. Nb3 b6 12. Bd2 O-O 13. cxd4 cxd4 14. Qc2 Qd6 15. a5
Bd7 16. axb6 axb6 17. Rxa8 Rxa8 18. Ra1 Rc8 19. Qd1 Nb4 20. Ne1 Bb5 21. Bf1
Nec6 22. Bh3 Rf8 23. Bf1 Qe6 24. Nc1 f5 25. exf5 gxf5 26. Qb3 Qxb3 27. Nxb3 Re8
28. f3 Kf7 29. Kf2 Bf8 30. Bxb4 Bxb4 31. Nc2 Bd6 32. Na3 Bxa3 33. Rxa3 Ke6 34.
Nc1 Kd6 35. Bh3 Rf8 36. Ke1 Kc5 37. Bf1 Na5 38. Na2 Nc6 39. Nc1 Rf7 40. Bg2 Ra7
41. Rxa7 Nxa7 42. Bh3 Bd7 43. Kd2 Nb5 44. Ne2 Kd5 45. f4 e4 46. dxe4+ Kc4 47.
Bxf5 Bxf5 48. exf5 Nd6 49. b3+ Kxb3 50. Kd3 b5 51. Nxd4+ Kb2 52. g4 b4 53. f6
b3 54. Nxb3 Kxb3 55. Kd4 Nb7 56. Kd5 Kc3 57. Ke6 Nd8+ 58. Ke7 Nc6+ 59. Ke8 Nd4
60. f7 Ne6 61. f5 1-0

[Event "?"]
[Site "?"]
[Date "????.??.??"]
[Round "?"]
[White "Oldach, E."]
[Black "Laitinen, M."]
[Result "1/2-1/2"]
[WhiteElo "2070"]
[BlackElo "1843"]
[PlyCount "94"]
[EventDate "2010.??.??"]
[WhiteTeam "Mecklenburg-Vorp 2"]
[BlackTeam "Stadi"]

1. e4 c5 2. Nf3 Nc6 3. d4 cxd4 4. Nxd4 Nf6 5. Nc3 e5 6. Ndb5 d6 7. Bg5 a6 8.
Na3 b5 9. Nd5 Be7 10. Bxf6 Bxf6 11. c3 Bg5 12. Nc2 O-O 13. a4 bxa4 14. Rxa4 a5
15. Bb5 Bd7 16. Nce3 Rb8 17. Qe2 Nd4 18. Rxd4 Bxb5 19. Rc4 Bxe3 20. Nxe3 Bxc4
21. Nxc4 Qc7 22. O-O Rfc8 23. Ne3 g6 24. Qd2 Kg7 25. Nd5 Qd8 26. Ra1 Rc5 27. b4
axb4 28. cxb4 Rc4 29. f3 h6 30. h3 Qc8 31. Ra2 Qb7 32. Rb2 Qb5 33. Kh2 Rbc8 34.
Qe2 Rb8 35. Qd2 Rd4 36. Qc1 Rxd5 37. exd5 Qxd5 38. Rd2 Qb5 39. Rxd6 Qxb4 40.
Rd7 Qf4+ 41. Qxf4 exf4 42. Rd4 g5 43. Rd6 Re8 44. Ra6 Re6 45. Ra4 Kg6 46. Ra5
f6 47. Ra8 f5 1/2-1/2

[Event "?"]
[Site "?"]
[Date "????.??.??"]
[Round "?"]
[White "Hall, R."]
[Black "Kühn, P."]
[Result "1-0"]
[WhiteElo "1840"]
[BlackElo "2019"]
[PlyCount "71"]
[EventDate "2010.??.??"]
[WhiteTeam "Stadi"]
[BlackTeam "Mecklenburg-Vorp 2"]

1. d4 f5 2. Nc3 e6 3. e4 fxe4 4. Nxe4 Nf6 5. Bg5 Be7 6. Bxf6 Bxf6 7. Nf3 O-O 8.
Bd3 d6 9. c3 e5 10. dxe5 dxe5 11. h3 Nc6 12. Qe2 Be6 13. Rd1 Qe7 14. b4 b6 15.
Nxf6+ gxf6 16. Be4 Qe8 17. b5 Na5 18. Qc2 Qf7 19. Bxa8 Rxa8 20. O-O Bxa2 21.
Qe4 Rf8 22. Rd2 Bb3 23. Nh4 f5 24. Qxe5 Nc4 25. Qg3+ Kh8 26. Rd4 Nd6 27. Qe5+
Kg8 28. Rf4 Bc4 29. Ra1 Re8 30. Qd4 Re4 31. Rxe4 fxe4 32. Rxa7 Qe7 33. g3 Bxb5
34. Qd5+ Kg7 35. Ra8 Qf7 36. Qg5+ 1-0

[Event "?"]
[Site "?"]
[Date "????.??.??"]
[Round "?"]
[White "Segebarth, B."]
[Black "Stähle, S."]
[Result "1/2-1/2"]
[WhiteElo "1930"]
[BlackElo "1678"]
[PlyCount "29"]
[EventDate "2010.??.??"]
[WhiteTeam "Mecklenburg-Vorp 2"]
[BlackTeam "Stadi"]

1. e4 c5 2. Nf3 d6 3. d4 cxd4 4. Nxd4 Nf6 5. f3 a6 6. c4 e6 7. Nc3 Be7 8. Be2
Bd7 9. O-O Nc6 10. Kh1 O-O 11. Rb1 Rc8 12. Nxc6 Bxc6 13. Be3 Qc7 14. b4 Bd7 15.
Na4 1/2-1/2

[Event "?"]
[Site "?"]
[Date "????.??.??"]
[Round "?"]
[White "Bjorgvik, J."]
[Black "Perman, T."]
[Result "1/2-1/2"]
[WhiteElo "1921"]
[BlackElo "2055"]
[PlyCount "27"]
[EventDate "2010.??.??"]
[WhiteTeam "Trondergutan"]
[BlackTeam "Botnia"]

1. e4 c5 2. Nf3 g6 3. c3 Bg7 4. d4 cxd4 5. cxd4 d5 6. e5 Bg4 7. Be2 Nc6 8. O-O
Nh6 9. Nc3 Nf5 10. Qb3 Bxf3 11. Bxf3 Nfxd4 12. Qxd5 Nxf3+ 13. Qxf3 O-O 14. Bf4
1/2-1/2

[Event "?"]
[Site "?"]
[Date "????.??.??"]
[Round "?"]
[White "Lahti, J."]
[Black "Gabrielsen, O."]
[Result "1-0"]
[WhiteElo "2020"]
[BlackElo "1788"]
[PlyCount "61"]
[EventDate "2010.??.??"]
[WhiteTeam "Botnia"]
[BlackTeam "Trondergutan"]

1. d4 f5 2. c4 Nf6 3. Nc3 e6 4. Nf3 Be7 5. e3 O-O 6. Bd3 d5 7. Qc2 Ne4 8. O-O
c6 9. Ne5 Nd7 10. Nxd7 Bxd7 11. Ne2 Qc7 12. f3 Ng5 13. Bd2 Rac8 14. Rae1 h6 15.
Kh1 Bd6 16. c5 Be7 17. Nf4 Rf6 18. g3 Be8 19. h4 Nh7 20. Kg2 Bf7 21. e4 fxe4
22. fxe4 Bg6 23. Nxg6 Rxg6 24. e5 Rg4 25. Bxh7+ Kh8 26. Rf7 Qd8 27. Kh3 Rxg3+
28. Kxg3 Bxh4+ 29. Kh3 Bxe1 30. Bxe1 Qg5 31. Qg6 1-0

[Event "?"]
[Site "?"]
[Date "????.??.??"]
[Round "?"]
[White "Lovaas, T."]
[Black "Rantanen, V."]
[Result "0-1"]
[WhiteElo "1394"]
[BlackElo "2004"]
[PlyCount "82"]
[EventDate "2010.??.??"]
[WhiteTeam "Trondergutan"]
[BlackTeam "Botnia"]

1. f4 d5 2. b3 Nf6 3. Bb2 e6 4. e3 c5 5. Nf3 Nc6 6. Bb5 Bd7 7. O-O Be7 8. Nc3
a6 9. Bxc6 Bxc6 10. Ne5 O-O 11. Ne2 Rc8 12. f5 Qd6 13. fxe6 fxe6 14. Nf4 d4 15.
Nxc6 Rxc6 16. Qe1 e5 17. Nh3 Qe6 18. e4 c4 19. Rf3 cxb3 20. Rxb3 b5 21. Ng5 Qc8
22. Qg3 Bd6 23. Ba3 Bxa3 24. Rxa3 Rxc2 25. Qb3+ Qc4 26. Qxc4+ bxc4 27. Rxa6
Rxd2 28. Ra7 Re8 29. Rb1 c3 30. Nf3 Rb2 31. Rxb2 cxb2 32. Rb7 Nxe4 33. Rxb2 d3
34. Kf1 Rc8 35. Rb1 d2 36. Rd1 Rc1 37. Ke2 Nc3+ 38. Kxd2 Rxd1+ 39. Kxc3 e4 40.
Nd4 e3 41. a4 Rxd4 0-1

[Event "?"]
[Site "?"]
[Date "????.??.??"]
[Round "?"]
[White "Runonen, R."]
[Black "Johansen, B."]
[Result "1-0"]
[WhiteElo "1782"]
[BlackElo "1630"]
[PlyCount "97"]
[EventDate "2010.??.??"]
[WhiteTeam "Botnia"]
[BlackTeam "Trondergutan"]

1. e4 e6 2. c4 d5 3. Nc3 d4 4. Nce2 e5 5. d3 c5 6. f4 Nc6 7. Nf3 Bd6 8. fxe5
Nxe5 9. Ng3 Bg4 10. Be2 Nf6 11. Nxe5 Bxe2 12. Nxf7 Bxd1 13. Nxd8 Rxd8 14. Kxd1
Bxg3 15. hxg3 h6 16. Bf4 Ng4 17. Ke2 Rf8 18. Raf1 g5 19. Bd2 Rd7 20. Rxf8+ Kxf8
21. Rf1+ Rf7 22. Rf5 Rxf5 23. exf5 Kf7 24. Kf3 Ne5+ 25. Ke4 Kf6 26. b4 b6 27.
bxc5 bxc5 28. Ba5 Ng4 29. Bd8+ Kf7 30. Kd5 Ne3+ 31. Kxc5 Nxf5 32. g4 Ne3 33.
Kxd4 Nxg2 34. Bc7 Ke6 35. Ke4 Nh4 36. d4 Ng6 37. Bg3 Ne7 38. d5+ Kd7 39. c5 Nc8
40. Be5 Ne7 41. Bg7 Ng8 42. Ke5 h5 43. gxh5 g4 44. Kf4 g3 45. Kxg3 Ne7 46. c6+
Ke8 47. h6 Kf7 48. c7 Nc8 49. Be5 1-0

[Event "?"]
[Site "?"]
[Date "????.??.??"]
[Round "?"]
[White "Bisse, V."]
[Black "Ovesen, K."]
[Result "1-0"]
[WhiteElo "1930"]
[BlackElo "1883"]
[PlyCount "97"]
[EventDate "2010.??.??"]
[WhiteTeam "Senioren Dresden 1"]
[BlackTeam "Norwegen 3"]

1. e4 c6 2. Nf3 d5 3. exd5 cxd5 4. d4 Nf6 5. Bd3 Bg4 6. O-O e6 7. c3 Bd6 8. Bg5
O-O 9. Nbd2 Nbd7 10. Bh4 Qc7 11. Bg3 a6 12. Qe1 Bh5 13. Ne5 Rac8 14. f4 b5 15.
a3 Qb6 16. Kh1 Bb8 17. f5 Rce8 18. Nxd7 Nxd7 19. Bxb8 Qxb8 20. Qh4 Nf6 21. Nf3
Bxf3 22. Rxf3 e5 23. dxe5 Qxe5 24. Qf4 Qxf4 25. Rxf4 Re3 26. Rd1 Rfe8 27. Kg1
Re1+ 28. Rf1 R1e3 29. Rd2 Ne4 30. Bxe4 dxe4 31. Rfd1 Rd3 32. Rxd3 exd3 33. Rxd3
h5 34. Kf2 Re5 35. Rf3 Kf8 36. h3 Ke7 37. Re3 f6 38. g4 hxg4 39. hxg4 Kd6 40.
Rxe5 Kxe5 41. Ke3 Kd5 42. b3 a5 43. Kd3 Ke5 44. c4 b4 45. axb4 axb4 46. Ke3 Kd6
47. Kd4 Kc6 48. c5 Kb5 49. Kd5 1-0

[Event "?"]
[Site "?"]
[Date "????.??.??"]
[Round "?"]
[White "Bue, G."]
[Black "Kanibalotzka, E."]
[Result "1-0"]
[WhiteElo "1879"]
[BlackElo "1826"]
[PlyCount "74"]
[EventDate "2010.??.??"]
[WhiteTeam "Norwegen 3"]
[BlackTeam "Senioren Dresden 1"]

1. d4 Nf6 2. c4 g6 3. Nc3 Bg7 4. e4 d6 5. f3 O-O 6. Be3 c6 7. Bd3 e5 8. d5 Qc7
9. Qd2 Nbd7 10. Nge2 Re8 11. g4 a6 12. h4 Nc5 13. Bc2 cxd5 14. cxd5 b5 15. b4
Ncd7 16. h5 Nb6 17. Bd3 Nfd7 18. hxg6 fxg6 19. Bh6 Nf8 20. Be3 Re7 21. Bxb6
Qxb6 22. a4 Rea7 23. axb5 axb5 24. Rxa7 Rxa7 25. Nc1 Bd7 26. Ke2 Ra3 27. Qb2
Qa7 28. Nb3 Ra6 29. Na5 Qb6 30. Qd2 h6 31. Qe3 Nh7 32. Qxb6 Rxb6 33. Nb3 Ng5
34. Ra1 Nh3 35. Ke1 Nf4 36. Bf1 Rb8 37. Ra7 Be8 1-0

[Event "?"]
[Site "?"]
[Date "????.??.??"]
[Round "?"]
[White "Frenzel, L."]
[Black "Wicklund-Hansen, R."]
[Result "1/2-1/2"]
[WhiteElo "1821"]
[BlackElo "1893"]
[PlyCount "74"]
[EventDate "2010.??.??"]
[WhiteTeam "Senioren Dresden 1"]
[BlackTeam "Norwegen 3"]

1. d4 Nf6 2. c4 d5 3. e3 c6 4. Nf3 Bf5 5. Nc3 e6 6. a3 Nbd7 7. Be2 dxc4 8. Bxc4
Be7 9. O-O O-O 10. Re1 Nb6 11. Bb3 Nbd5 12. Bd2 Nxc3 13. Bxc3 h6 14. Bc2 Ne4
15. Nd2 Nxc3 16. bxc3 Bxc2 17. Qxc2 c5 18. Red1 Qc7 19. Qe4 Bf6 20. Rdb1 b6 21.
Nf3 Rfd8 22. Ra2 Rac8 23. g3 cxd4 24. cxd4 Qd6 25. a4 Qd5 26. Qxd5 Rxd5 27. Rb5
Rd6 28. a5 a6 29. Rxb6 Rcc6 30. Rxc6 Rxc6 31. Nd2 Be7 32. Kf1 Bb4 33. Ke2 Kf8
34. Kd3 Rc3+ 35. Ke2 f5 36. Ra4 Be7 37. h4 Bd8 1/2-1/2

[Event "?"]
[Site "?"]
[Date "????.??.??"]
[Round "?"]
[White "Kendall, P."]
[Black "Flockhart, H."]
[Result "1-0"]
[WhiteElo "2069"]
[BlackElo "1871"]
[PlyCount "63"]
[EventDate "2010.??.??"]
[WhiteTeam "England 2"]
[BlackTeam "Schottland 2"]

1. e4 d5 2. exd5 Nf6 3. c4 e6 4. dxe6 Bxe6 5. d4 Bb4+ 6. Bd2 Bxd2+ 7. Qxd2 Qe7
8. Nc3 Bxc4+ 9. Be2 O-O 10. O-O-O Bxe2 11. Ngxe2 c6 12. Rhe1 Nbd7 13. Ng3 Qb4
14. Nf5 h6 15. g4 Nd5 16. Nxd5 Qxd2+ 17. Rxd2 cxd5 18. Ne7+ Kh7 19. Nxd5 f5 20.
Re7 Nb6 21. Ne3 fxg4 22. Rxb7 h5 23. b3 Nc8 24. Nc4 a6 25. d5 Ra7 26. Rb8 Raf7
27. d6 Na7 28. Rxf8 Rxf8 29. Ne5 Rd8 30. d7 Kg8 31. a4 Kf8 32. Rd6 1-0

[Event "?"]
[Site "?"]
[Date "????.??.??"]
[Round "?"]
[White "Murphy, G."]
[Black "Pemberton, C."]
[Result "0-1"]
[WhiteElo "1685"]
[BlackElo "1897"]
[PlyCount "50"]
[EventDate "2010.??.??"]
[WhiteTeam "Schottland 2"]
[BlackTeam "England 2"]

1. Nf3 Nf6 2. c4 e6 3. g3 b6 4. Bg2 Bb7 5. O-O Be7 6. Nc3 O-O 7. d4 d5 8. cxd5
Nxd5 9. Re1 c5 10. e4 Nxc3 11. bxc3 Nd7 12. e5 Re8 13. Qd3 c4 14. Qc2 Bd5 15.
h4 h6 16. Nh2 Bxg2 17. Kxg2 b5 18. a3 Nb6 19. Re4 Nd5 20. Nf3 a5 21. Bxh6 gxh6
22. Rg4+ Kh8 23. Ng5 hxg5 24. hxg5 Kg7 25. f4 Ne3+ 0-1

[Event "?"]
[Site "?"]
[Date "????.??.??"]
[Round "?"]
[White "Macrae, J."]
[Black "Scowen, R."]
[Result "0-1"]
[WhiteElo "1753"]
[BlackElo "1990"]
[PlyCount "86"]
[EventDate "2010.??.??"]
[WhiteTeam "Schottland 2"]
[BlackTeam "England 2"]

1. d4 Nf6 2. Nf3 d5 3. Bg5 c6 4. e3 Bf5 5. c4 Bxb1 6. Bxf6 exf6 7. Qxb1 Bb4+ 8.
Nd2 Bxd2+ 9. Kxd2 O-O 10. Bd3 c5 11. Qc2 cxd4 12. exd4 Nc6 13. Rhe1 Nxd4 14.
Qa4 dxc4 15. Qxc4 Rc8 16. Qa4 Nc2 17. Rad1 Nxe1 18. Kxe1 Qe8+ 19. Qxe8 Rfxe8+
20. Kd2 g6 21. Bc2 Red8+ 22. Bd3 Rc5 23. Re1 f5 24. f4 Rcd5 25. Re3 Rd4 26. g3
Re4 27. Re2 Rxe2+ 28. Kxe2 Kf8 29. Bc4 Ke7 30. Bd3 Kd6 31. Kd2 Kc5 32. Kc3 Rd7
33. a3 Rc7 34. Kd2 Kd4 35. Be2 Re7 36. Bd3 Re3 37. Bb5 Rb3 38. Be8 Rxb2+ 39.
Kc1 Rxh2 40. Bxf7 Rg2 41. Bg8 Rxg3 42. Bxh7 Rxa3 43. Bxg6 Ra5 0-1

[Event "?"]
[Site "?"]
[Date "????.??.??"]
[Round "?"]
[White "Micheel, P."]
[Black "Johannsen, I."]
[Result "1/2-1/2"]
[WhiteElo "1943"]
[BlackElo "2071"]
[PlyCount "76"]
[EventDate "2010.??.??"]
[WhiteTeam "Senioren Dresden 2"]
[BlackTeam "Störtebeker"]

1. e4 e6 2. d4 d5 3. Nc3 Nf6 4. Bg5 Be7 5. e5 Nfd7 6. Bxe7 Qxe7 7. f4 a6 8. Qg4
f5 9. Qh5+ g6 10. Qh6 Nc6 11. Nf3 b6 12. h4 Bb7 13. Qg5 Qb4 14. O-O-O Nd8 15.
h5 Nf7 16. Qh4 Qe7 17. hxg6 hxg6 18. Qxe7+ Kxe7 19. Be2 c5 20. g3 c4 21. Rh4
Rhg8 22. Rdh1 Rg7 23. Rh7 Rag8 24. Rxg7 Rxg7 25. Ng5 Nxg5 26. fxg5 Nf8 27. Na4
Rh7 28. Rh6 b5 29. Nc5 Bc8 30. Kd2 Kf7 31. Ke3 Rxh6 32. gxh6 g5 33. Bh5+ Kg8
34. Be8 Kh7 35. a4 Kxh6 36. axb5 axb5 37. Bxb5 Kh5 38. Kf3 Kg6 1/2-1/2

[Event "?"]
[Site "?"]
[Date "????.??.??"]
[Round "?"]
[White "Müller, H."]
[Black "Buck, K."]
[Result "0-1"]
[WhiteElo "1421"]
[BlackElo "1835"]
[PlyCount "77"]
[EventDate "2010.??.??"]
[WhiteTeam "Senioren Dresden 2"]
[BlackTeam "Störtebeker"]

1. e4 e6 2. d4 d5 3. Nc3 Bb4 4. e5 c5 5. Qg4 Bxc3+ 6. bxc3 g6 7. Bb5+ Bd7 8.
Bxd7+ Nxd7 9. Ne2 Ne7 10. O-O h5 11. Qg5 Nf5 12. Qxd8+ Rxd8 13. f4 cxd4 14.
cxd4 Rc8 15. c3 O-O 16. Bd2 Rc4 17. Rab1 b6 18. Rb3 Rfc8 19. g3 Ne7 20. Rfb1
Nc6 21. a3 a6 22. Kf2 b5 23. Ke3 Ra4 24. Bc1 Nb6 25. Kd3 Na5 26. Rb4 Rc4 27.
Rxa4 Rxa4 28. Rb4 Nac4 29. Rxa4 Nxa4 30. Kc2 Kg7 31. Ng1 Nab6 32. Nf3 Kf8 33.
Ne1 Nd7 34. Nd3 a5 35. Nc5 Nxc5 36. dxc5 Ke7 37. Kd3 Kd7 38. Kd4 a4 39. h3 0-1

[Event "?"]
[Site "?"]
[Date "????.??.??"]
[Round "?"]
[White "Schneider, M."]
[Black "Höppner, K."]
[Result "1-0"]
[WhiteElo "1995"]
[BlackElo "1643"]
[PlyCount "54"]
[EventDate "2010.??.??"]
[WhiteTeam "Störtebeker"]
[BlackTeam "Senioren Dresden 2"]

1. d4 d6 2. Nf3 g6 3. e4 Bg7 4. c3 Nd7 5. Be3 a5 6. Bd3 b6 7. O-O Bb7 8. Nbd2
Ngf6 9. Ne1 O-O 10. f4 e5 11. fxe5 dxe5 12. d5 Qe7 13. Qe2 Nc5 14. Bc2 c6 15.
dxc6 Bxc6 16. Bg5 Qe6 17. b4 axb4 18. c4 Ncxe4 19. Nxe4 Nxe4 20. Bxe4 Bxe4 21.
Qxe4 f5 22. Qb7 e4 23. Bd2 Rab8 24. Qd5 Qxd5 25. cxd5 Bc3 26. Nc2 Rfe8 27. Rfd1
h5 1-0

[Event "?"]
[Site "?"]
[Date "????.??.??"]
[Round "?"]
[White "Stavenhagen, J."]
[Black "Hauswald, G."]
[Result "1-0"]
[WhiteElo "2011"]
[BlackElo "1820"]
[PlyCount "93"]
[EventDate "2010.??.??"]
[WhiteTeam "Saxone/1911-BSW"]
[BlackTeam "Heidenau"]

1. d4 Nf6 2. Nf3 g6 3. c4 Bg7 4. Nc3 d6 5. e4 O-O 6. h3 c6 7. Be2 Na6 8. O-O
Nc7 9. Be3 b6 10. Qc2 Bb7 11. Rad1 Ne6 12. Rd2 Qc7 13. Rfd1 Rfd8 14. Qc1 Qc8
15. Rc2 Rd7 16. a3 Qf8 17. b4 Rc8 18. d5 Nc7 19. e5 dxe5 20. Nxe5 Rd6 21. dxc6
Ba8 22. b5 Re6 23. Nd7 Nxd7 24. Rxd7 Rd6 25. Rxd6 exd6 26. Bg4 f5 27. Bf3 Kh8
28. Ne2 Re8 29. Rd2 Ne6 30. Qd1 Be5 31. Bd5 f4 32. Bd4 Nxd4 33. Nxd4 Qf6 34.
Nf3 Bb2 35. Re2 Rd8 36. Re6 Qg7 37. Qe2 Rf8 38. a4 Ba3 39. Ng5 h6 40. Nf3 Bc5
41. Nh4 Qa1+ 42. Kh2 Rg8 43. Nxg6+ Kh7 44. Qe4 Bxf2 45. Nf8+ Kg7 46. Qg6+ Kxf8
47. Re8# 1-0

[Event "?"]
[Site "?"]
[Date "????.??.??"]
[Round "?"]
[White "Wiemann, D."]
[Black "Alter, H."]
[Result "0-1"]
[WhiteElo "1475"]
[BlackElo "1882"]
[PlyCount "78"]
[EventDate "2010.??.??"]
[WhiteTeam "Heidenau"]
[BlackTeam "Saxone/1911-BSW"]

1. e4 e6 2. d4 d5 3. e5 c5 4. f4 Nc6 5. Nf3 Qb6 6. c3 cxd4 7. Nxd4 Bc5 8. Nxc6
bxc6 9. Qe2 a5 10. Nd2 Ba6 11. Qf3 a4 12. Bxa6 Qxa6 13. Qe2 Qb6 14. Nf1 Ne7 15.
Be3 d4 16. cxd4 Bxd4 17. Kf2 Qxb2 18. Nd2 Nd5 19. Nc4 Qxe2+ 20. Kxe2 Bxa1 21.
Rxa1 Nxe3 22. Kxe3 Ke7 23. Rb1 Rab8 24. Nb6 a3 25. Rb3 Rhd8 26. Ke2 f6 27.
exf6+ gxf6 28. g3 Kd6 29. Nc4+ Kc5 30. Nxa3 Rxb3 31. axb3 Kb4 32. Nc4 c5 33.
Nd2 Kc3 34. Ne4+ Kb4 35. Nxf6 Kxb3 36. Ne4 c4 37. h4 c3 38. Nxc3 Kxc3 39. Kf3
Rd3+ 0-1